| 000 -LEADER |
| fixed length control field |
00814nam a22001937a 4500 |
| 005 - DATE AND TIME OF LATEST TRANSACTION |
| control field |
20240516165934.0 |
| 008 - FIXED-LENGTH DATA ELEMENTS--GENERAL INFORMATION |
| fixed length control field |
240516s2006 enk||||| |||| 00| 0 eng d |
| 020 ## - INTERNATIONAL STANDARD BOOK NUMBER |
| International Standard Book Number |
9780340810187x |
| 080 ## - UNIVERSAL DECIMAL CLASSIFICATION NUMBER |
| Universal Decimal Classification number |
616-08-039.75 T-42 |
| 245 ## - TITLE STATEMENT |
| Title |
Textbook of Palliative Medicine / |
| Statement of responsibility, etc. |
Edited by Eduardo Bruera, Irene Higginson, Carla Ripamonti, Charles von Gunten. |
| 264 ## - PRODUCTION, PUBLICATION, DISTRIBUTION, MANUFACTURE, AND COPYRIGHT NOTICE |
| Place of production, publication, distribution, manufacture |
New York: |
| Name of producer, publisher, distributor, manufacturer |
Hodder Arnold, |
| Date of production, publication, distribution, manufacture, or copyright notice |
2006. |
| 300 ## - PHYSICAL DESCRIPTION |
| Extent |
1095 p.; |
| Other physical details |
28 cm. |
| 653 ## - INDEX TERM--UNCONTROLLED |
| keyword |
პალიატიური მედიცინა |
| 700 ## - ADDED ENTRY--PERSONAL NAME |
| Personal name |
Bruera, Eduardo |
| Relator term |
რედაქტორი |
| 9 (RLIN) |
22115 |
| 700 ## - ADDED ENTRY--PERSONAL NAME |
| Personal name |
Higginson, Irene |
| Relator term |
რედაქტორი |
| 9 (RLIN) |
22116 |
| 700 ## - ADDED ENTRY--PERSONAL NAME |
| Personal name |
Gunten, Charles von |
| Relator term |
რედაქტორი |
| 9 (RLIN) |
22117 |
| 700 ## - ADDED ENTRY--PERSONAL NAME |
| Personal name |
Ripamonti, Carla |
| Relator term |
რედაქტორი |
| 9 (RLIN) |
22118 |
| 942 ## - ADDED ENTRY ELEMENTS (KOHA) |
| Source of classification or shelving scheme |
|
| Koha item type |
წიგნი |